Quizzes
Events
Quiz Creation
Community
Videos
Private Events
Remove Ads
Sign In
Join for FREE
Feedback
Dark Mode
Quiz Categories
Sports
Geography
Music
Movies
Television
Just For Fun
Miscellaneous
History
Literature
Language
Science
Gaming
Entertainment
Religion
Holiday
For Kids
Quiz Lab
Recent
Popular Today
Quiz Kudos Today
Editor Picks
Curator Picks
Quizzes by...
Day
Popularity
Type
Ratings
Length
Year
Community
Subscriptions
Recent Discussions
Orange Saloon
Badges
Playlists
Quests
Create
Leaderboards
Showdown
Live 5
Trivia Bingo
Activity
Puzzle Library
Sporcle Events
Private Events
Virtual Trivia
Globe League
Become a Host
Pub Owners
SporcleCon
Opinionation
Our Games
Videos
Blog
Mobile Apps
Partnerships
Remove Ads and Go Orange
Feedback
Music
Pop Music
The Beatles
Song
Album
Lyrics
Bands
Singers
Artist
Clip
Rock
Rap
Classical
Billboard
Country Music
Kpop
Taylor Swift
Music
Pop Music
The Beatles
Song
Album
Lyrics
Bands
Singers
Artist
Clip
Rock
Rap
Classical
Billboard
Country Music
Kpop
Taylor Swift
Random Quiz
Search Sporcle
×
Quiz Lab
Quiz Lab
Music
Kpop
Type in answers that appear in a list
Type in answers that appear in a list
Classic
Best Score? Go Orange.
MAMA Best Girl Group Nominees by Year Stats
Can you name the MAMA Best Girl Group Nominees by Year?
By
MemeQueen
10m
85 Questions
577 Plays
577 Plays
577 Plays
Comments
Comments
Give Quiz Kudos
Give Quiz Kudos
-
- Ratings
hide this ad
More Info
Replay
Link that replays current quiz
Next Quiz
Link to next quiz in quiz playlist
You Got
0%
They Got
Avg Score
62%
Avg Friend Score
Upgrade to see
Score Distribution
Jump to the score distribution portion of the page
Score
0/85
Timer
10:00
0
Plays Today
Year
Answer
% Correct
2008
SNSD
97.1%
2009
SNSD
97.1%
2010
SNSD
97.1%
2011
SNSD (winner)
97.1%
2013
SNSD (winner)
97.1%
2014
SNSD
97.1%
2015
SNSD (winner)
97.1%
2016
Twice (winner)
96.4%
2017
Twice
96.4%
2016
Red Velvet
94.3%
2017
Red Velvet (winner)
94.3%
2017
BlackPink
92.9%
2010
2NE1 (winner)
92.4%
2011
2NE1
92.4%
2012
2NE1
92.4%
2013
2NE1
92.4%
2014
2NE1
92.4%
2008
Wonder Girls (winner)
89.4%
2015
Wonder Girls
89.4%
2016
Wonder Girls
89.4%
2000
S.E.S
85.1%
2001
S.E.S (winner)
85.1%
2002
S.E.S (winner)
85.1%
2016
GFriend
84.6%
2017
GFriend
84.6%
2011
f(x)
81.1%
2013
f(x)
81.1%
2016
Mamamoo
79.7%
2017
Mamamoo
79.7%
Year
Answer
% Correct
2009
Kara
79.5%
2010
Kara
79.5%
2011
Kara
79.5%
2012
Kara
79.5%
2012
Sistar (winner)
78.5%
2013
Sistar
78.5%
2014
Sistar (winner)
78.5%
2015
Sistar
78.5%
2010
4Minute
77.6%
2013
4Minute
77.6%
2010
T-ara
75.7%
2012
T-ara
75.7%
2015
Miss A
75.4%
2014
APink
71.4%
2015
APink
71.4%
2015
AOA
65.3%
2007
Brown Eyed Girls
65.2%
2008
Brown Eyed Girls
65.2%
2009
Brown Eyed Girls (winner)
65.2%
2011
Brown Eyed Girls
65.2%
2000
Fin.K.L (winner)
64.1%
2001
Fin.K.L
64.1%
2002
Fin.K.L
64.1%
2005
Fin.K.L
64.1%
2014
Girl's Day
57.9%
2002
Jewelry
48.7%
2003
Jewelry (winner)
48.7%
2005
Jewelry (winner)
48.7%
2008
Jewelry
48.7%
Year
Answer
% Correct
2009
Jewelry
48.7%
2000
Baby V.O.X
48%
2001
Baby V.O.X
48%
2002
Baby V.O.X
48%
2003
Baby V.O.X
48%
2004
Baby V.O.X
48%
2009
Davichi
39%
2007
The Grace
28.6%
2002
Chakra
23.9%
2003
Chakra
23.9%
2007
SeeYa (winner)
21.1%
2008
SeeYa
21.1%
2003
Sugar
20.5%
2004
Sugar (winner)
20.5%
2005
Sugar
20.5%
2012
TaeTiSeo
19.9%
2001
Diva
18.9%
2004
Diva
18.9%
2005
Diva
18.9%
2005
Big Mama
18.2%
2007
Big Mama
18.2%
2000
Cleo
16.1%
2004
Cleo
16.1%
2001
As One
14.4%
2003
As One
14.4%
2007
LPG
10.2%
2000
O-24
9.4%
Quiz Playlist
Details
Report
Send in Message
Add To Playlist
More Info:
this award wasn't included in 2006, hence why that's not here haha
Classic:
Type in answers that appear in a list
Last Updated: Mar 6, 2022
Quiz Scoreboard
CHALLENGE
Sign Up to Join the Scoreboard
Show All
Scores
Hide
Comments
May contain spoilers
Recently Published
One Thing in Common: World Cities II
by knightlancer
Geography
7m
Popular People in 1961
by mucciniale
History
6m
1-10 Letter E Words III
by El_Dandy
Language
2m
More to Explore
Quiz From the Vault
Featured Blog Post
Where Did the Easter Bunny Come From?
hide this ad
You Might Also Like...
Tags
Kpop Quiz
Kpop Group
Kpop Idol
Kpop Quiz
Today's Top Quizzes in Music
Browse Music
hide this ad
Today's Top Quizzes in Kpop
Browse Kpop
Top Contributed Quizzes in Music
1
Taylor Swift All Songs (2024)
2
2010s Album by Cover III
3
Taylor Swift Logic Puzzle
4
One Thing in Common: Music
5
Guess the Artist- 70s Songs
6
Guess the Taylor Swift song (Mystery Song)
7
2010s Album by Cover V
8
2010s Album by Cover IV
9
Lana Del Rey Discography (BTD to DYKTTATUOB)
10
KPOP LOGIC QUIZ
Explore More
Trending Topics
Crossword
Kpop
Harry Potter
Disney
Anime
NBA
Marvel
Pokémon
Soccer
NFL
WWE
Country
Song
Puzzle
The Office
hide this ad
More By:
MemeQueen
Quiz
Plays
Rating
Category
Featured
Created
Guess the Foreign K-pop Idol
7,126
4.54
Music
Jun 16, 2017
Guess the K-Pop Boy Group
4,796
4.63
Music
Apr 3, 2017
Guess the Female K-Pop Dance
3,417
4.36
Music
Apr 12, 2017
Name The K-Pop Girl Group
2,978
4.38
Music
Feb 12, 2017
Most Popular Song per Artist (Naver Music)
2,427
5.00
Music
May 4, 2018
Go to Creator's Profile
Score Distribution
Quiz Creator Spotlight
MemeQueen
Follow
Send a Message
Quizzes Created
-
Created Quiz Play Count
-
More By This Creator
Popular Quizzes Today
1
Find the US States - No Outlines Minefield
2
The Countries of the World
3
Find the Countries of Europe - No Outlines Minefield
4
Popular People in 1961
5
1-10 Letter E Words III
6
Find the US States
7
One Thing in Common: World Cities II
8
US States
More Music Quizzes
Follow That Lyric ('80s Songs)
Published
Trending Quizzes
Risky Map Clicking: Least Populous States A-Z
1-10 Letter F Words
1-10 Letter G Words
One Thing in Common: United Kingdom
Risky Map Clicking: Next State Alphabetically
Recently Updated
Leaping Animals
pecheneg
Reality TV Shows (A-Z)
bhenderson79
Rickey Henderson's Hall of Fame Teammates
pecheneg
Champions League XIs: Arsenal
pecheneg
Quick Pick: Celebrities in WWE's Hall of Fame
aduchscher
A-Z Keypad Blitz II
pecheneg
Multiple Oscar Actors
pecheneg
Mystery Phrase Blitz: Oscar 'Best Actors'
pecheneg
F. Scott Fitzgerald Novels
LTH
Pick 3 Villains
ddd62291
Trending Topics
NBA
Marvel
Disney
Crossword
Kpop
Anime
Harry Potter
Pokémon
The Office
NFL
Country
WWE
Soccer
Puzzle
Song
Your Account Isn't Verified!
In order to create a playlist on Sporcle, you need to verify the email address you used during registration. Go to your
Sporcle Settings
to finish the process.
Report this User
Report this user for behavior that violates our
Community Guidelines
.
Details:
Send Report
Go to the Sporcle.com Mobile Site →
Comments